000 00669cam a22002413a 4500
001 24079
003 PGUSA
005 20140828083520.0
008 071231s2007||||xxu|||||s|||||000 1 eng d
040 _aPGUSA
_beng
042 _adc
050 4 _aPL
100 1 _aTianzhuisheng
245 1 0 _a商界現形記
_h[electronic resource] /
_cTianzhuisheng
260 _bProject Gutenberg,
_c2007
506 _aPublic domain in the USA.
516 _aElectronic text
653 _aChinese fiction -- Qing dynasty, 1644-1912
740 0 _aShang Jie Xian Xing Ji
830 0 _aProject Gutenberg
_v24079
856 4 0 _uhttp://www.gutenberg.org/ebooks/24079
942 _cEB
999 _c253334
_d253334